Design implementation and internals / (Record no. 36059)

MARC details
000 -LEADER
fixed length control field 00516nam a22001937a 4500
005 - DATE AND TIME OF LATEST TRANSACTION
control field 20240705113626.0
008 - FIXED-LENGTH DATA ELEMENTS--GENERAL INFORMATION
fixed length control field 240705b |||||||| |||| 00| 0 eng d
020 ## - INTERNATIONAL STANDARD BOOK NUMBER
ISBN 9789332550261
082 ## - DEWEY DECIMAL CLASSIFICATION NUMBER
Classification number 005.1
Item number COM-N
100 ## - MAIN ENTRY--AUTHOR
Author Name Comer, Douglas E.
245 ## - TITLE STATEMENT
Title Design implementation and internals /
Statement of responsibility, etc. David L.Stevens
250 ## - EDITION STATEMENT
Edition statement 3rd ed.
260 ## - PUBLICATION, DISTRIBUTION, ETC.
Place of Publication India:
Name of publisher, distributor, etc. Pearson;
Date of publication, distribution, etc. 2008.
300 ## - PHYSICAL DESCRIPTION
Pages 657 p. :
500 ## - GENERAL NOTE
General note include index.
650 ## - SUBJECT ADDED ENTRY--TOPICAL TERM
Subject / Department Networking
700 ## - ADDED ENTRY--PERSONAL NAME
Personal name David L.Stevens
300 ## - PHYSICAL DESCRIPTION
-- ill;
-- 23 cm.
952 ## - LOCATION AND ITEM INFORMATION (KOHA)
-- 0
-- 0
Holdings
Lost status Damaged status Collection code Permanent Location Current Location Shelving Location Date acquired Full Call Number Accession No./Barcode Date last seen item type Koha item type
    CS/IT Superior Information Resource Center (SIRC) Superior University- Gold Campus Superior Information Resource Center (SIRC) Superior University- Gold Campus Networking 07/05/2024 005.1 COM-I 2008 16102 07/05/2024 BOOK BOOK

Powered by Koha